Heating and air-conditioning of buildings (Record no. 45469)

MARC details
000 -LEADER
fixed length control field 00545nam a2200157 a 4500
008 - FIXED-LENGTH DATA ELEMENTS--GENERAL INFORMATION
fixed length control field 120416s1979 ||||||||||||||||| || u
050 ## - LIBRARY OF CONGRESS CALL NUMBER
Classification number TH 7222 Fab
100 ## - MAIN ENTRY--PERSONAL NAME
Personal name Martin, P. L
245 10 - TITLE STATEMENT
Title Heating and air-conditioning of buildings
250 ## - EDITION STATEMENT
Edition statement 6th rev. e
260 ## - PUBLICATION, DISTRIBUTION, ETC.
Place of publication, distribution, etc. London
Name of publisher, distributor, etc. Architectural Press
Date of publication, distribution, etc. 1979
300 ## - PHYSICAL DESCRIPTION
Extent ix, 645p. : ill.
350 ## - PRICE (NR) (BK AM CF MU VM SE) [OBSOLETE]
Price 0.00
700 ## - ADDED ENTRY--PERSONAL NAME
Personal name Faber, Oscar
995 ## - RECOMMENDATION 995 [LOCAL, UNIMARC FRANCE]
-- 0.00
-- CBU-MAIN LIBRARY (Kitwe)
-- 1
-- 0.00
-- 2
-- AVAILABLE
-- Main Library Open Access Collection
Holdings
Withdrawn status Lost status Source of classification or shelving scheme Damaged status Not for loan Home library Current library Shelving location Date acquired Total Checkouts Full call number Barcode Date last seen Price effective from Koha item type
          CBU-MAIN LIBRARY, KITWE. CBU-MAIN LIBRARY, KITWE.   11/30/2022   TH 7222 Fab 016330 11/30/2022 11/30/2022 MONOGRAPH